000 00466nam a2200181Ia 4500
005 20250423101201.0
008 250422s9999 xx 000 0 und d
020 _a0-14-081483-3
050 _aPZ 7 .P55 B66/
100 _aPile, Stephen
245 4 _aThe book of heroic failures
260 _aHarlow, Essex
260 _bPenguin Books
260 _c1995
300 _a46 p
650 _aEnglish language -- Study and teaching Readers - Level 3
942 _cBK
999 _c35546
_d35546